000 00305nam a2200097Ia 4500
082 _a332.02402 STRA
245 0 _aThe complete idiot's guide to beating debt
100 _a STRAUSS, Steven D. Indianapolis, IN, 2003 2nd ed
_996562
942 _cBK
008 210817s9999 xx 000 0 und d
999 _c406187
_d406186